| 000 | 00846nam a2200241 a 4500 | ||
|---|---|---|---|
| 001 | 000030807 | ||
| 005 | 20200120222205.0 | ||
| 008 | 070926s1987 cola gr0 000 d | ||
| 082 | 0 | 4 |
_aR _b498.2 _bD42 |
| 245 | 1 | 0 |
_aDiccionario y gramática Chibcha : manuscrito anónimo de la Biblioteca Nacional de Colombia / _ctranscripción y estudio histórico-analítico por : María Stella González de Pérez. |
| 250 | _a1a. ed. | ||
| 260 |
_aBogotá : _bInstituto Caro y Cuervo, _c1987. |
||
| 300 | _axiv, 395 p. : il. | ||
| 490 | 0 | _aBiblioteca Ezequiel Uricoechea ; No.1 | |
| 500 | _aIncluye aéndice | ||
| 650 | 1 | 4 | _aCHIBCHAS |
| 650 | 1 | 4 | _aINDIGENAS DE COLOMBIA |
| 650 | 1 | 4 | _aGRAMATICA |
| 650 | 1 | 4 | _aDICCIONARIOS |
| 650 | 1 | 4 | _aVOCABULARIO |
| 700 | 1 | _aGonzález de Pérez, María Stella , tr. | |
| 901 | _aDonación : Instituto Caro y Cuervo | ||
| 999 |
_c1824 _d1824 |
||